[Event "SVK-chT2C 1920"]
[Site "Slovakia"]
[Date "2019.12.14"]
[Round "5.8"]
[White "Janovsky, Norbert"]
[Black "Cabanova, Kristina"]
[Result "1/2-1/2"]
[WhiteElo "1000"]
[BlackElo "1772"]
[PlyCount "120"]
[EventDate "2019.10.26"]
[EventType "team-tourn"]
[EventRounds "11"]
[EventCountry "SVK"]
[SourceTitle "CBM 194 Extra"]
[Source "ChessBase"]
[SourceDate "2020.03.31"]
[SourceVersion "1"]
[SourceVersionDate "2020.03.31"]
[SourceQuality "1"]
[WhiteTeam "Vinica"]
[BlackTeam "Zvolen Slavia"]
[WhiteTeamCountry "SVK"]
[BlackTeamCountry "SVK"]

1. e4 c5 2. g3 e6 3. Bg2 Nc6 4. Ne2 Be7 5. 0-0 Nf6 6. d4 cxd4 7. Nxd4 0-0 8. Nb5 a6 9. Nd6 Qc7 10. Nxc8 Raxc8 11. c4 Rfd8 12. Nc3 h6 13. Bf4 Qb6 14. b3 d6 15. Be3 Qc7 16. Na4 Nd7 17. Qe2 Nc5 18. Nc3 Bf6 19. Rac1 Qa5 20. Bd2 Nd4 21. Qe3 Qc7 22. f4 Nc6 23. Ne2 Be7 24. Bc3 Nd7 25. Rfd1 Bf6 26. Rd2 e5 27. Rcd1 Nf8 28. Rd3 Ne6 29. Be1 Ned4 30. Nxd4 Nxd4 31. Bc3 Nc6 32. f5 Bg5 33. Qf2 Bf6 34. Bd2 Re8 35. g4 Be7 36. Rd5 Bf8 37. h4 f6 38. Qg3 Nd4 39. Bf1 Qf7 40. Be3 Nc6 41. R5d2 Nb8 42. Rg2 Nd7 43. g5 hxg5 44. hxg5 fxg5 45. Bxg5 Nf6 46. Qh4 Be7 47. Rh2 Kf8 48. Rd3 Red8 49. Rdh3 Ke8 50. Qe1 Kd7 51. Bd2 Rf8 52. Rg3 Rh8 53. Rhg2 Ne8 54. Rg6 Bf6 55. Qf2 Rc6 56. Qa7 Nc7 57. Qxb7 Rc8 58. Bb4 Qe8 59. Rd2 Rb8 60. Qa7 Rxb4 1/2-1/2

[Event "EU-ch U18 Girls"]
[Site "Bratislava"]
[Date "2019.08.07"]
[Round "6"]
[White "Balan, Briana Cleopatra"]
[Black "Cabanova, Kristina"]
[Result "1/2-1/2"]
[WhiteElo "1858"]
[BlackElo "1736"]
[PlyCount "191"]
[EventDate "2019.08.02"]
[EventType "swiss"]
[EventRounds "9"]
[EventCountry "SVK"]
[SourceTitle "CBM 191 Extra"]
[Source "ChessBase"]
[SourceDate "2019.09.30"]
[SourceVersion "1"]
[SourceVersionDate "2019.09.30"]
[SourceQuality "1"]

1. d4 d5 2. Nc3 e6 3. Bf4 a6 4. e3 Be7 5. Qf3 Nf6 6. g4 Bb4 7. Nge2 Nbd7 8. a3 Bd6 9. h3 Bxf4 10. Qxf4 Nf8 11. Bg2 Ng6 12. Qg3 Nd7 13. 0-0 Qh4 14. Nf4 Qxg3 15. fxg3 Nxf4 16. gxf4 Nb6 17. Rfe1 c6 18. e4 Kd8 19. Nd1 Bd7 20. Nf2 Nc4 21. Nd3 Kc7 22. Kf2 h6 23. b3 Nd6 24. a4 Rae8 25. e5 Nc8 26. Nc5 Ne7 27. Rf1 h5 28. Kg3 g6 29. Bf3 h4+ 30. Kg2 Ra8 31. Be2 Bc8 32. a5 Kd8 33. Bd3 Kc7 34. Rf3 Kd8 35. Be2 Rb8 36. Ra4 Ra8 37. Rb4 Ra7 38. Kf2 Kc7 39. Ra4 Ra8 40. Bf1 Ra7 41. Ke3 Ra8 42. Kd2 Ra7 43. Nd3 Bd7 44. Ra1 Raa8 45. Nb2 Nc8 46. Bd3 Ne7 47. Nd1 Rhg8 48. Ne3 Raf8 49. Raf1 Kd8 50. Kc3 Bc8 51. Kb4 Bd7 52. Kc5 Kc7 53. Kb4 Kd8 54. Kc3 Bc8 55. Kd2 Bd7 56. Ke2 Ke8 57. Kf2 Bc8 58. Rg1 Bd7 59. f5 g5 60. Ra1 Kd8 61. c4 Ke8 62. Rc1 Kd8 63. Rb1 Kc8 64. f6 Ng6 65. Bxg6 Rxg6 66. Nd1 Rgg8 67. Nc3 Kc7 68. Na4 Rb8 69. Rc3 Kd8 70. Nb6 Rf8 71. Ke3 Rg8 72. Kd3 Rf8 73. Rc2 Ke8 74. Kc3 Kd8 75. Kb4 Rg8 76. Kc5 Kc7 77. Ra1 Rgf8 78. Ra4 Rg8 79. Rb4 Rgf8 80. Ra4 Rg8 81. Ra1 Rgf8 82. b4 Rg8 83. Rb2 Rgf8 84. Rc1 Be8 85. Ra1 Rg8 86. Na4 Bd7 87. Nc3 Rgc8 88. Rc1 Ra8 89. Na4 Rf8 90. Nb6 Rab8 91. Nxd7 Kxd7 92. Kb6 Rfc8 93. Kc5 Rc7 94. Rcc2 Rcc8 95. Kb6 dxc4 96. Rxc4 1/2-1/2

[Event "EU-ch U18 Girls"]
[Site "Bratislava"]
[Date "2019.08.05"]
[Round "4"]
[White "Poliakova, Varvara"]
[Black "Cabanova, Kristina"]
[Result "1-0"]
[WhiteElo "1875"]
[BlackElo "1736"]
[PlyCount "91"]
[EventDate "2019.08.02"]
[EventType "swiss"]
[EventRounds "9"]
[EventCountry "SVK"]
[SourceTitle "CBM 191 Extra"]
[Source "ChessBase"]
[SourceDate "2019.09.30"]
[SourceVersion "1"]
[SourceVersionDate "2019.09.30"]
[SourceQuality "1"]

1. f4 d5 2. Nf3 Nf6 3. g3 b6 4. Bg2 Bb7 5. d3 e6 6. 0-0 Be7 7. Ne5 Nbd7 8. Nc3 0-0 9. Kh1 c5 10. e4 Qc7 11. Nxd7 Qxd7 12. e5 Ne8 13. Bd2 Nc7 14. Qg4 f5 15. exf6 Bxf6 16. Rae1 Rae8 17. Nd1 Bc8 18. Bc3 Bxc3 19. Nxc3 Nb5 20. Nd1 Nd4 21. Rf2 Qf7 22. Ne3 Nf5 23. Qf3 Nd4 24. Qd1 Qd7 25. Ng4 Nc6 26. Rfe2 Re7 27. Ne5 Nxe5 28. Rxe5 Ree8 29. Qe2 Kf7 30. Qh5+ Kg8 31. Bxd5 Bb7 32. Bxb7 Qxb7+ 33. Kg1 Qd7 34. R1e4 Qf7 35. Qe2 Qd7 36. Re3 Qd4 37. c3 Qd7 38. f5 Re7 39. Rxe6 Ref7 40. g4 Qa4 41. a3 Qf4 42. Qf3 Qg5 43. Re8 h6 44. Rxf8+ Rxf8 45. Qe4 Rxf5 46. h4 1-0

[Event "SVK-ch op"]
[Site "Ruzomberok"]
[Date "2019.07.03"]
[Round "5"]
[White "Cabanova, Kristina"]
[Black "Mikulec, Martin"]
[Result "0-1"]
[WhiteElo "1728"]
[BlackElo "1875"]
[PlyCount "120"]
[EventDate "2019.06.29"]
[EventType "swiss"]
[EventRounds "9"]
[EventCountry "SVK"]
[SourceTitle "CBM 191 Extra"]
[Source "ChessBase"]
[SourceDate "2019.09.30"]
[SourceVersion "1"]
[SourceVersionDate "2019.09.30"]
[SourceQuality "1"]

1. d4 Nf6 2. Nf3 e6 3. Bf4 b6 4. e3 Bb7 5. Nbd2 c5 6. c3 Nc6 7. h3 Be7 8. Bd3 0-0 9. 0-0 d5 10. Re1 h6 11. Rc1 Rc8 12. Ne5 Nxe5 13. Bxe5 Ne8 14. Nf3 f6 15. Bh2 Bd6 16. Bc2 Bxh2+ 17. Nxh2 f5 18. Nf3 Nf6 19. Ne5 Nd7 20. Ng6 Rf6 21. Nf4 Qe8 22. Bb1 g5 23. Nd3 c4 24. Ne5 Nxe5 25. dxe5 Rf8 26. Bc2 Qf7 27. f4 Qg7 28. Qd2 Kh8 29. Bd1 Rg8 30. Rc2 Rcd8 31. Qd4 Qg6 32. Kf1 Rg7 33. Rf2 Rdg8 34. Ke2 gxf4 35. exf4 Qg3 36. Kd2 Qxf2+ 37. Qxf2 Rxg2 38. Qxg2 Rxg2+ 39. Re2 Rg3 40. Re3 Rg2+ 41. Re2 Rg8 42. Ba4 Rd8 43. Ke3 a6 44. Re1 b5 45. Bd1 Rg8 46. Kf2 d4 47. Rg1 Rd8 48. cxd4 Rxd4 49. Ke1 Re4+ 50. Kd2 Rxf4 51. Rg6 Bd5 52. Rxh6+ Kg7 53. Rh5 Rf2+ 54. Kc3 Bf3 55. Bxf3 Rxf3+ 56. Kd4 Rd3+ 57. Kc5 Rd5+ 58. Kb6 Rxe5 59. Rg5+ Kf6 60. Rg2 f4 0-1

[Event "SVK-ch op"]
[Site "Ruzomberok"]
[Date "2019.07.01"]
[Round "3"]
[White "Cabanova, Kristina"]
[Black "Janik, Miroslav"]
[Result "1/2-1/2"]
[WhiteElo "1728"]
[BlackElo "1889"]
[PlyCount "88"]
[EventDate "2019.06.29"]
[EventType "swiss"]
[EventRounds "9"]
[EventCountry "SVK"]
[SourceTitle "CBM 191 Extra"]
[Source "ChessBase"]
[SourceDate "2019.09.30"]
[SourceVersion "1"]
[SourceVersionDate "2019.09.30"]
[SourceQuality "1"]

1. d4 d5 2. Nf3 Nf6 3. Bf4 c6 4. e3 Bf5 5. c3 e6 6. Nbd2 Qb6 7. Qb3 Nbd7 8. h3 h5 9. Be2 Ne4 10. 0-0 Qxb3 11. axb3 f6 12. Nxe4 Bxe4 13. Nd2 Bf5 14. c4 g5 15. Bh2 Be7 16. f3 Bb4 17. Nb1 Bxb1 18. Raxb1 Bd2 19. Kf2 f5 20. Rfd1 Bb4 21. Ra1 Nf6 22. c5 0-0 23. Ra4 a5 24. Rda1 Rac8 25. Bd6 Rf7 26. Bd3 g4 27. Rh1 gxf3 28. gxf3 Kh7 29. Be5 Nd7 30. Bf4 Rg7 31. Raa1 Rcg8 32. Rhg1 b6 33. Rxg7+ Rxg7 34. cxb6 Nxb6 35. Rc1 Nd7 36. Rxc6 Nf8 37. Rc7 Rxc7 38. Bxc7 Kg7 39. Bb5 Kf7 40. Bd8 Ng6 41. Bc6 Nf8 42. e4 fxe4 43. fxe4 dxe4 44. Bxe4 Ng6 1/2-1/2

[Event "SVK-chT2C 1819"]
[Site "Slovakia"]
[Date "2019.04.06"]
[Round "10.7"]
[White "Adamciak, Tomas"]
[Black "Cabanova, Kristina"]
[Result "1/2-1/2"]
[WhiteElo "2021"]
[BlackElo "1810"]
[PlyCount "57"]
[EventDate "2018.10.13"]
[EventType "team-tourn"]
[EventRounds "11"]
[EventCountry "SVK"]
[SourceTitle "EXT 2020"]
[Source "ChessBase"]
[SourceDate "2019.10.17"]
[SourceVersion "1"]
[SourceVersionDate "2019.10.17"]
[SourceQuality "1"]
[WhiteTeam "Ondrasova Krivan"]
[BlackTeam "Zvolen Slavia"]
[WhiteTeamCountry "SVK"]
[BlackTeamCountry "SVK"]

1. e4 c5 2. Nc3 e6 3. f4 a6 4. Nf3 Qc7 5. d3 Nc6 6. g3 d6 7. Bg2 Nf6 8. 0-0 Be7 9. Be3 0-0 10. d4 Ng4 11. Qe2 Nxe3 12. Qxe3 cxd4 13. Nxd4 Nxd4 14. Qxd4 Bd7 15. Rad1 Rfd8 16. Kh1 Rac8 17. Rfe1 Bc6 18. Rd2 Be8 19. Nd1 Bf6 20. Qe3 Qa5 21. a3 Ba4 22. c3 Qc7 23. Nf2 Be7 24. Qd4 Bb5 25. Red1 Qc5 26. Bf3 b6 27. Kg2 Bf6 28. Qxc5 dxc5 29. e5 1/2-1/2

[Event "SVK-chT2C 1718"]
[Site "Slovakia"]
[Date "2018.03.17"]
[Round "10.5"]
[White "Magat, Jozef"]
[Black "Cabanova, Kristina"]
[Result "1/2-1/2"]
[WhiteElo "2122"]
[BlackElo "1675"]
[PlyCount "128"]
[EventDate "2017.10.28"]
[EventType "team-tourn"]
[EventRounds "11"]
[EventCountry "SVK"]
[SourceTitle "EXT 2020"]
[Source "ChessBase"]
[SourceDate "2019.10.17"]
[SourceVersion "1"]
[SourceVersionDate "2019.10.17"]
[SourceQuality "1"]
[WhiteTeam "Dunajov Inbest II"]
[BlackTeam "Zvolen Slavia"]
[WhiteTeamCountry "SVK"]
[BlackTeamCountry "SVK"]

1. d4 d5 2. Nf3 e6 3. c4 Be7 4. Nc3 Nf6 5. Bg5 h6 6. Bh4 Nbd7 7. e3 0-0 8. Rc1 c5 9. cxd5 Nxd5 10. Bxe7 Nxe7 11. Bd3 Nf6 12. dxc5 Qa5 13. 0-0 Nc6 14. Nd4 Ne5 15. Nb3 Qc7 16. Nb5 Qd7 17. Be2 a6 18. Nc3 Qc7 19. f4 Rd8 20. Qc2 Ned7 21. Rfd1 Nf8 22. Rxd8 Qxd8 23. Bf3 Qc7 24. Ne4 Nd5 25. Qd2 Bd7 26. Nd6 Rd8 27. Bxd5 exd5 28. Qxd5 Bc6 29. Qf5 Qe7 30. Rc3 Ne6 31. Qe5 Qh4 32. g3 Qg4 33. Nd4 Qd1+ 34. Kf2 Qd2+ 35. Ne2 Qxb2 36. Rc1 Qxa2 37. Ra1 Qd5 38. Qxd5 Bxd5 39. Nf5 Kf8 40. Rc1 Rc8 41. e4 Nxc5 42. Ke3 Be6 43. Nd6 Rc7 44. Nxb7 Rxb7 45. Rxc5 Ke7 46. Nd4 Bd7 47. f5 f6 48. g4 Kd6 49. Rd5+ Ke7 50. Ra5 Ra7 51. h4 Kd6 52. Kf4 Ke7 53. g5 hxg5+ 54. hxg5 Kf7 55. e5 fxe5+ 56. Kxe5 Bc8 57. g6+ Kf8 58. Rc5 Bd7 59. Kd6 a5 60. Rc3 a4 61. Rh3 Kg8 62. Ra3 Kf8 63. Nc2 Ke8 64. Nd4 Kf8 1/2-1/2

[Event "EU-ch U16 Girls 27th"]
[Site "Mamaia"]
[Date "2017.09.06"]
[Round "2"]
[White "Cabanova, Kristina"]
[Black "Heydarova, Aytaj"]
[Result "0-1"]
[WhiteElo "1673"]
[BlackElo "1850"]
[PlyCount "98"]
[EventDate "2017.09.05"]
[EventType "swiss"]
[EventRounds "9"]
[EventCountry "ROU"]
[SourceTitle "CBM 180 Extra"]
[Source "ChessBase"]
[SourceDate "2017.10.06"]
[SourceVersion "1"]
[SourceVersionDate "2017.10.06"]
[SourceQuality "1"]

1. d4 Nf6 2. Bf4 g6 3. Nc3 Bg7 4. e4 d6 5. Qd2 Nbd7 6. Bh6 0-0 7. Bxg7 Kxg7 8. Be2 c5 9. d5 Qa5 10. a3 a6 11. Nf3 b5 12. 0-0 Qc7 13. Nh4 Rb8 14. Bd3 c4 15. Be2 Nc5 16. Qd4 Qb6 17. Rfe1 Ncxe4 18. Qxb6 Rxb6 19. Nxe4 Nxe4 20. Bxc4 Nxf2 21. Ba2 Ng4 22. Rxe7 Ne5 23. Rc7 Bg4 24. Rc3 g5 25. Nf3 Bxf3 26. gxf3 f5 27. Kf2 Rb7 28. Rg1 Kf6 29. Re3 Rc7 30. Re2 h6 31. Bb1 Rc5 32. Rd1 Rc4 33. Kg3 h5 34. Rf1 Rd4 35. Ba2 h4+ 36. Kf2 Rf4 37. Kg2 Rg8 38. h3 Rc8 39. Rff2 a5 40. Re3 Rd4 41. c3 Rd3 42. Rfe2 Rxe3 43. Rxe3 Rc5 44. Kg1 f4 45. Re2 Nxf3+ 46. Kg2 Ne5 47. Rd2 Nc4 48. Bxc4 bxc4 49. Kf3 Ke5 0-1

[Event "EU-ch U16 Girls 27th"]
[Site "Mamaia"]
[Date "2017.09.05"]
[Round "1"]
[White "Sosa Suarez, Carla Cristina"]
[Black "Cabanova, Kristina"]
[Result "1-0"]
[WhiteElo "1930"]
[BlackElo "1673"]
[PlyCount "79"]
[EventDate "2017.09.05"]
[EventType "swiss"]
[EventRounds "9"]
[EventCountry "ROU"]
[SourceTitle "CBM 180 Extra"]
[Source "ChessBase"]
[SourceDate "2017.10.06"]
[SourceVersion "1"]
[SourceVersionDate "2017.10.06"]
[SourceQuality "1"]

1. e4 e6 2. d4 d5 3. Nd2 c5 4. Ngf3 Nc6 5. exd5 Qxd5 6. Bc4 Qd8 7. 0-0 cxd4 8. Nb3 Nf6 9. Qe2 Be7 10. Rd1 0-0 11. Nbxd4 Nxd4 12. Nxd4 Qb6 13. c3 a6 14. Be3 Qc7 15. h3 h6 16. Bb3 Rd8 17. Nf3 Bd7 18. Bd4 Bc6 19. Ne5 Bd5 20. Bc2 Rac8 21. Bd3 Bd6 22. c4 Bc6 23. Bc3 Be8 24. Rac1 Bc5 25. Rd2 Bd6 26. Rcd1 Bc5 27. b4 Be7 28. Rc1 b6 29. a3 Qb7 30. Bb2 Rc7 31. Re1 Rcc8 32. Qe3 Qa8 33. Qxb6 Rd6 34. Qe3 Rdd8 35. Rde2 Nh5 36. Be4 Qb8 37. c5 Bg5 38. Qf3 Nf4 39. Rc2 Ba4 40. Rcc1 1-0

[Event "SVK-ch U16/20 Girls"]
[Site "Liptovsky Mikulas"]
[Date "2017.04.23"]
[Round "3"]
[White "Cabanova, Kristina"]
[Black "Liscinska, Jana"]
[Result "1-0"]
[WhiteElo "1592"]
[BlackElo "1718"]
[PlyCount "120"]
[EventDate "2017.04.22"]
[EventType "swiss"]
[EventRounds "9"]
[EventCountry "SVK"]
[SourceTitle "CBM 178 Extra"]
[Source "ChessBase"]
[SourceDate "2017.06.22"]
[SourceVersion "1"]
[SourceVersionDate "2017.06.22"]
[SourceQuality "1"]

1. Nf3 Nf6 2. d4 g6 3. Bf4 Bg7 4. c4 d6 5. e3 0-0 6. Bd3 c5 7. 0-0 cxd4 8. exd4 d5 9. Nc3 Nc6 10. Be3 Re8 11. Re1 Nb4 12. Bf1 Bf5 13. Rc1 dxc4 14. Bxc4 Rc8 15. Qb3 Rxc4 16. Qxc4 Nd3 17. Nh4 Nxe1 18. Rxe1 Be6 19. Qd3 Nd5 20. a3 Nb6 21. Nf3 Bg4 22. Qe4 Bc8 23. Rc1 Nc4 24. Qb1 Bf5 25. Qa2 Nd6 26. Qb3 b6 27. Qa4 Qd7 28. Qxd7 Bxd7 29. Nd5 Nb5 30. Nc7 Rc8 31. Nxb5 Rxc1+ 32. Bxc1 Bxb5 33. Bf4 Be2 34. Ne5 Bb5 35. Nf3 Bc6 36. Ne5 Bd5 37. Kf1 g5 38. Bd2 Kf8 39. Bc3 f6 40. Ng4 Bb7 41. Ne3 e6 42. g4 Kf7 43. Nc4 Ba6 44. b3 b5 45. Nd6+ Ke7 46. Bb4 Kd7 47. Ke2 Bf8 48. Ne4 Bxb4 49. axb4 Ke7 50. Nc5 Bc8 51. h3 Kd6 52. Ke3 Kc6 53. Ne4 f5 54. gxf5 h6 55. f6 Kd7 56. Kf3 Kd8 57. Nc5 Ke8 58. Ke4 e5 59. dxe5 Bxh3 60. e6 Bxe6 1-0

[Event "World ol U16"]
[Site "Poprad"]
[Date "2016.07.27"]
[Round "7.3"]
[White "Ip, Seng Tou"]
[Black "Cabanova, Kristina"]
[Result "1-0"]
[WhiteElo "1564"]
[BlackElo "1609"]
[PlyCount "101"]
[EventDate "2016.07.22"]
[EventType "team-swiss"]
[EventRounds "9"]
[EventCountry "SVK"]
[SourceTitle "EXT 2017"]
[Source "ChessBase"]
[SourceDate "2016.10.25"]
[SourceVersion "1"]
[SourceVersionDate "2016.10.25"]
[SourceQuality "1"]
[WhiteTeam "Macau"]
[BlackTeam "Slovakia RSA BB Detva"]
[WhiteTeamCountry "MAC"]
[BlackTeamCountry "SVK"]

1. e4 e6 2. d4 d5 3. exd5 exd5 4. Nf3 Bd6 5. Bd3 Ne7 6. h3 c6 7. 0-0 0-0 8. Be3 Bf5 9. c3 h6 10. Qc2 Bxd3 11. Qxd3 Ng6 12. Nbd2 Nd7 13. Rfe1 Nf6 14. Nf1 Re8 15. Bd2 Ne4 16. N1h2 Qc7 17. Ng4 Re7 18. Rf1 h5 19. Ne3 Nf4 20. Qc2 Qd7 21. Rae1 Nxh3+ 22. gxh3 Qxh3 23. Ne5 f6 24. f4 fxe5 25. fxe5 Re6 26. Ng2 Rg6 27. Bf4 Be7 28. Re3 Ng3 29. Bxg3 Rxg3 30. Rxg3 Qxg3 31. Qf5 Qg5 32. Qe6+ Kh8 33. Rf5 Qc1+ 34. Kh2 Bg5 35. Qg6 Bh6 36. Rxh5 Qxb2 37. Rxh6+ gxh6 38. Qxh6+ Kg8 39. Qg6+ Kf8 40. e6 Qf2 41. Qh7 Re8 42. Qg6 Ke7 43. Qg7+ Kxe6 44. Qe5+ Kd7 45. Qg7+ Kd8 46. Qg5+ Re7 47. Qg8+ Kc7 48. Qg6 Re4 49. Qg5 Qxa2 50. Kh3 Qe2 51. Qg3+ 1-0

[Event "World ol U16"]
[Site "Poprad"]
[Date "2016.07.25"]
[Round "5.3"]
[White "Taragelova, Martina"]
[Black "Cabanova, Kristina"]
[Result "1-0"]
[WhiteElo "1626"]
[BlackElo "1609"]
[PlyCount "115"]
[EventDate "2016.07.22"]
[EventType "team-swiss"]
[EventRounds "9"]
[EventCountry "SVK"]
[SourceTitle "EXT 2017"]
[Source "ChessBase"]
[SourceDate "2016.10.25"]
[SourceVersion "1"]
[SourceVersionDate "2016.10.25"]
[SourceQuality "1"]
[WhiteTeam "Slovakia LSS II"]
[BlackTeam "Slovakia RSA BB Detva"]
[WhiteTeamCountry "SVK"]
[BlackTeamCountry "SVK"]

1. d4 d5 2. c4 c6 3. cxd5 cxd5 4. Nc3 Nf6 5. Nf3 Bf5 6. Bf4 Nc6 7. e3 a6 8. Rc1 e6 9. Qb3 Qd7 10. Be2 Be7 11. 0-0 0-0 12. Ne5 Nxe5 13. Bxe5 Ne4 14. Nxe4 Bxe4 15. Rc7 Qd8 16. Rxb7 Bd6 17. Bxd6 Qxd6 18. Qb6 Qxb6 19. Rxb6 Rfb8 20. Rxb8+ Rxb8 21. Rc1 Kf8 22. b3 a5 23. f3 Bg6 24. Kf2 a4 25. Bd1 axb3 26. Bxb3 Ra8 27. a4 Bd3 28. Ke1 Ke8 29. Kd2 Ba6 30. Bc2 Kd8 31. Ra1 Bb5 32. a5 Kc7 33. Kc3 Kc6 34. Kb4 Rb8 35. Kc3 Ra8 36. e4 Bc4 37. exd5+ exd5 38. Ba4+ Bb5 39. Kb4 Bxa4 40. Rc1+ Kb7 41. Kxa4 Ka6 42. Rc6+ Kb7 43. Rd6 Rc8 44. Rxd5 Rc2 45. Rd7+ Ka6 46. Rxf7 Rc4+ 47. Kb3 Rxd4 48. Rxg7 Rh4 49. h3 Kxa5 50. Rg4 Rh6 51. Kc4 Kb6 52. Kd5 Kc7 53. Rg7+ Kd8 54. f4 Ke8 55. f5 Rh5 56. Ke6 Rh6+ 57. f6 Kf8 58. Rc7 1-0

[Event "World ol U16"]
[Site "Poprad"]
[Date "2016.07.22"]
[Round "1.3"]
[White "Pribelszky, Bence"]
[Black "Cabanova, Kristina"]
[Result "1-0"]
[WhiteElo "2162"]
[BlackElo "1609"]
[PlyCount "47"]
[EventDate "2016.07.22"]
[EventType "team-swiss"]
[EventRounds "9"]
[EventCountry "SVK"]
[SourceTitle "EXT 2017"]
[Source "ChessBase"]
[SourceDate "2016.10.25"]
[SourceVersion "1"]
[SourceVersionDate "2016.10.25"]
[SourceQuality "1"]
[WhiteTeam "Hungary II"]
[BlackTeam "Slovakia RSA BB Detva"]
[WhiteTeamCountry "HUN"]
[BlackTeamCountry "SVK"]

1. e4 e6 2. d4 d5 3. Nc3 Bb4 4. exd5 exd5 5. Bd3 Ne7 6. a3 Bd6 7. Nb5 c6 8. Nxd6+ Qxd6 9. Qf3 0-0 10. Ne2 Qd7 11. h3 Re8 12. g4 b6 13. Be3 Bb7 14. h4 c5 15. h5 cxd4 16. Bxd4 Nbc6 17. Bxh7+ Kf8 18. 0-0-0 Nxd4 19. Nxd4 Nc6 20. h6 Ne5 21. hxg7+ Kxg7 22. Nf5+ Kf8 23. Qf4 Qc6 24. Qg5 1-0

[Event "Liptovsky Mikulas CupT U20"]
[Site "Liptovsky Mikulas"]
[Date "2016.06.24"]
[Round "6.3"]
[White "Kulesza, Andrzej"]
[Black "Cabanova, Kristina"]
[Result "1/2-1/2"]
[WhiteElo "1618"]
[BlackElo "1591"]
[PlyCount "148"]
[EventDate "2016.06.21"]
[EventType "team-swiss"]
[EventRounds "8"]
[EventCountry "SVK"]
[SourceTitle "CBM 173 Extra"]
[Source "ChessBase"]
[SourceDate "2016.08.29"]
[SourceVersion "1"]
[SourceVersionDate "2016.08.29"]
[SourceQuality "1"]
[WhiteTeam "Krakow Wisla (U20)"]
[BlackTeam "Detva Garde (U20)"]
[WhiteTeamCountry "POL"]
[BlackTeamCountry "SVK"]

1. e4 e6 2. d4 d5 3. Nd2 c5 4. Ngf3 Nc6 5. exd5 Qxd5 6. Bc4 Qd8 7. dxc5 Bxc5 8. 0-0 Nf6 9. Nb3 Qxd1 10. Rxd1 Bb6 11. h3 0-0 12. Be3 Bxe3 13. fxe3 Bd7 14. Nc5 Bc8 15. c3 b6 16. Nb3 Bb7 17. Nbd4 Rfd8 18. Bb5 Ne7 19. Bd3 Ned5 20. Kf2 Rac8 21. Re1 Nd7 22. Nb5 Nc5 23. Bf1 Ne4+ 24. Kg1 a6 25. Nbd4 Rd7 26. Bd3 Nc5 27. Bc2 Rcd8 28. Ne5 Rc7 29. Rad1 Rcc8 30. Ndf3 Nf6 31. Ng5 Rf8 32. Rd6 h6 33. Ngxf7 Rxf7 34. Nxf7 Kxf7 35. Rxb6 Nd5 36. Rf1+ Ke7 37. Rxb7+ Nxb7 38. Bg6 Rf8 39. Re1 Nc5 40. Bc2 Nd7 41. e4 N5f6 42. c4 Nc5 43. b4 Nb7 44. e5 Nd7 45. c5 Rc8 46. Be4 Nd8 47. Bf3 a5 48. a3 Nc6 49. b5 Ncxe5 50. c6 Nxf3+ 51. gxf3 Nb6 52. Re4 Rd8 53. Rg4 g5 54. h4 Rd5 55. a4 Kd6 56. Kf2 Re5 57. hxg5 hxg5 58. Rd4+ Rd5 59. Re4 Re5 60. Rd4+ Kc7 61. Kg3 Kc8 62. f4 gxf4+ 63. Rxf4 Rg5+ 64. Kh4 Rf5 65. Rg4 Rf7 66. Re4 Kc7 67. Kg5 Rf5+ 68. Kg6 Kd6 69. Rd4+ Nd5 70. Rh4 Ne7+ 71. Kg7 Rg5+ 72. Kf7 Rg7+ 73. Kf6 Rg6+ 74. Kf7 Rg7+ 1/2-1/2

[Event "Liptovsky Mikulas CupT U20"]
[Site "Liptovsky Mikulas"]
[Date "2016.06.23"]
[Round "5.3"]
[White "Cabanova, Kristina"]
[Black "Bielik, Jakub"]
[Result "0-1"]
[WhiteElo "1591"]
[BlackElo "1715"]
[PlyCount "40"]
[EventDate "2016.06.21"]
[EventType "team-swiss"]
[EventRounds "8"]
[EventCountry "SVK"]
[SourceTitle "CBM 173 Extra"]
[Source "ChessBase"]
[SourceDate "2016.08.29"]
[SourceVersion "1"]
[SourceVersionDate "2016.08.29"]
[SourceQuality "1"]
[WhiteTeam "Detva Garde (U20)"]
[BlackTeam "Povazie RSA (U20)"]
[WhiteTeamCountry "SVK"]
[BlackTeamCountry "SVK"]

1. Nf3 e6 2. c4 d5 3. d4 c5 4. e3 Nc6 5. Nc3 Nf6 6. b3 b6 7. Bb2 Bb7 8. Be2 Be7 9. 0-0 0-0 10. dxc5 bxc5 11. Rc1 d4 12. exd4 cxd4 13. Nb5 e5 14. Re1 a6 15. Na3 e4 16. Nd2 Nb4 17. Ra1 Bc5 18. Kh1 d3 19. Bf1 Re8 20. Bxf6 Qxf6 0-1

[Event "SVK-ch U14 Girls"]
[Site "Liptovsky Mikulas"]
[Date "2016.04.23"]
[Round "9"]
[White "Cabanova, Kristina"]
[Black "Sankova, Stella"]
[Result "0-1"]
[WhiteElo "1554"]
[BlackElo "1785"]
[PlyCount "76"]
[EventDate "2016.04.16"]
[EventType "swiss"]
[EventRounds "9"]
[EventCountry "SVK"]
[SourceTitle "CBM 172 Extra"]
[Source "ChessBase"]
[SourceDate "2016.06.21"]
[SourceVersion "1"]
[SourceVersionDate "2016.06.21"]
[SourceQuality "1"]

1. Nf3 d5 2. c4 c6 3. b3 Nf6 4. Bb2 Bf5 5. d4 e6 6. Nbd2 h6 7. e3 Be7 8. Be2 0-0 9. 0-0 Nbd7 10. Rc1 Re8 11. Re1 Ne4 12. Nxe4 Bxe4 13. Nd2 Bh7 14. Bf3 f5 15. Be2 g5 16. f3 Nf6 17. Bd3 Bd6 18. e4 fxe4 19. fxe4 Bf4 20. e5 Bxd3 21. exf6 Qxf6 22. Rc3 Qxd4+ 23. Kh1 Bg6 24. Nf3 Qxd1 25. Rxd1 Be4 26. Bc1 Bxc1 27. Rdxc1 a5 28. Nd2 Bf5 29. Re1 a4 30. b4 Rad8 31. c5 e5 32. Rf3 Bg6 33. Rfe3 e4 34. Kg1 d4 35. R3e2 e3 36. Nf1 Bd3 37. Rb2 Bxf1 38. Kxf1 d3 0-1

[Event "SVK-ch U14 Girls"]
[Site "Liptovsky Mikulas"]
[Date "2016.04.19"]
[Round "5"]
[White "Slaba, Andrea"]
[Black "Cabanova, Kristina"]
[Result "1-0"]
[WhiteElo "1773"]
[BlackElo "1554"]
[PlyCount "99"]
[EventDate "2016.04.16"]
[EventType "swiss"]
[EventRounds "9"]
[EventCountry "SVK"]
[SourceTitle "CBM 172 Extra"]
[Source "ChessBase"]
[SourceDate "2016.06.21"]
[SourceVersion "1"]
[SourceVersionDate "2016.06.21"]
[SourceQuality "1"]

1. Nf3 d5 2. e3 Nf6 3. c4 c6 4. Nc3 e6 5. d4 Be7 6. Bd3 0-0 7. 0-0 b6 8. Bd2 Bb7 9. cxd5 Nxd5 10. Nxd5 cxd5 11. Rc1 Nc6 12. a3 Rc8 13. Qe2 f5 14. Rc2 Bd6 15. Rfc1 Qe7 16. Bb5 Nb8 17. Rxc8 Rxc8 18. Rxc8+ Bxc8 19. Qd1 a6 20. Bd3 Bb7 21. h3 h6 22. Ne1 g5 23. Qh5 Kg7 24. f4 Qf7 25. Qxf7+ Kxf7 26. Nf3 gxf4 27. exf4 Nc6 28. g4 fxg4 29. hxg4 Bc8 30. Kg2 Ne7 31. Kg3 Kg7 32. Ne5 Kf6 33. Bb4 Bxb4 34. axb4 b5 35. Kh4 Kg7 36. Kh5 Ng8 37. g5 hxg5 38. fxg5 Ne7 39. g6 Ng8 40. Kg5 Ne7 41. Bc2 Ng8 42. Bd1 Ne7 43. Bg4 Nf5 44. Bxf5 exf5 45. Nc6 Be6 46. Ne7 f4 47. Kxf4 Kf6 48. Nc6 Kxg6 49. Ke5 Bc8 50. Ne7+ 1-0